College Football Rivalries Quiz #2 - Statistics

General Stats
  • This quiz has been taken 150 times
  • The average score is 11 of 17
Answer Stats
Game Trophy Rivalry % Correct
America's Game Secretary's Trophy Army vs. {Navy}
100%
- Cy-Hawk Trophy Iowa vs. {Iowa} {State}
98%
Duel in the Desert Territorial Cup Arizona vs. {Arizona} {State}
95%
Bedlam - Oklahoma vs. {Oklahoma} {State}
92%
Egg Bowl Golden Egg Trophy Mississippi vs. {Mississippi} {State}
90%
- Little Brown Jug Minnesota vs. {Michigan}
88%
Palmetto Bowl - South Carolina vs. {Clemson}
77%
World's Largest Outdoor Cocktail Party Okefenokee Oar Georgia vs. {Florida}
73%
Third Saturday in October - Alabama vs. {Tennessee}
70%
- Governor's Cup Kentucky vs. {Louisville}
70%
- Old Brass Spittoon Michigan State vs. {Indiana}
61%
- Land of Lincoln Trophy Illinois vs. {Northwestern}
53%
Farmageddon - Iowa State vs. {Kansas} {State}
49%
South's Oldest Rivalry - North Carolina vs. {Virginia}
47%
Victory Bell - Cincinnati vs. {Miami (OH)}
29%
Anchor-Bone Classic Anchor-Bone Trophy Ferris State vs. {Grand} {Valley}
9%
- Hoosier Helmet Trophy Valparaiso vs. {Butler}
9%
No matching quizzes found
Score Distribution
Percent of People with Each Score
Percentile by Number Answered
Your Score History
You have not taken this quiz